|
|
|
|
| LEADER |
01565nam a2200337 i 4500 |
| 001 |
28031 |
| 003 |
BD-DhAAL |
| 005 |
20140612122301.0 |
| 008 |
140612s2013 enka 001 0 eng |
| 010 |
|
|
|a 2012048680
|
| 020 |
|
|
|a 9781107628809 (pbk. : alk. paper)
|
| 040 |
|
|
|a DLC
|b eng
|c DLC
|e rda
|d DLC
|d BD-DhAAL
|
| 041 |
|
|
|a eng
|
| 042 |
|
|
|a pcc
|
| 050 |
0 |
0 |
|a P53.28
|b .S73 2013
|
| 082 |
0 |
0 |
|a 418.0078
|2 23
|
| 100 |
1 |
|
|a Stanley, Graham.
|9 5036
|
| 245 |
1 |
0 |
|a Language learning with technology :
|b ideas for integrating technology in the language classroom /
|c Graham Stanley ; Consultant and editor: Scott Thornbury.
|
| 260 |
|
|
|a Cambridge ;
|a New York :
|b Cambridge University Press,
|c 2013
|
| 300 |
|
|
|a xi, 250 pages :
|b illustrations ;
|c 25 cm.
|
| 490 |
0 |
|
|a Cambridge Handbooks for Language Teachers
|
| 500 |
|
|
|a Includes index.
|
| 541 |
|
|
|e 28031
|
| 650 |
|
0 |
|a Language and languages
|x Computer-assisted instruction.
|9 4161
|
| 650 |
|
0 |
|a Language and languages
|x Study and teaching
|v Technological innovations.
|9 5037
|
| 650 |
|
0 |
|a Educational technology
|x Social aspects.
|9 5038
|
| 700 |
1 |
|
|a Thornbury, Scott,
|d 1950-
|e editor of compilation.
|9 5039
|
| 942 |
|
|
|2 ddc
|c BK
|
| 999 |
|
|
|c 14429
|d 14429
|
| 952 |
|
|
|0 0
|1 0
|2 ddc
|4 0
|6 418_007800000000000_STA
|7 0
|9 24434
|a BRACUL
|b BRACUL
|c GEN
|d 2014-06-12
|e Karim International
|g 3100.00
|l 6
|m 47
|o 418.0078 STA
|p 3010028031
|r 2024-02-06
|s 2024-02-05
|t 1
|w 2014-06-12
|y BK
|
| 952 |
|
|
|0 0
|1 0
|2 ddc
|4 0
|6 418_007800000000000_STA
|7 0
|9 53130
|a BRACUL
|b BRACUL
|c GEN
|d 2015-03-15
|l 3
|m 9
|o 418.0078 STA
|p 3010029079
|r 2017-07-18
|s 2017-07-06
|t 2
|w 2015-03-15
|y BK
|